|
|
|
|
| LEADER |
00000nam a2200000 4500 |
| 001 |
vtls012251423 |
| 003 |
SK-MaSNL |
| 005 |
20260512040406.0 |
| 008 |
240227s2023 xo h f n 001 0 slo |
| 015 |
|
|
|a SNBA2024/07
|
| 020 |
|
|
|a 9788055531854
|q (brožované)
|
| 040 |
|
|
|a SNK
|b slo
|c SNK
|e rda
|
| 041 |
0 |
|
|a slo
|b eng
|b ger
|b hun
|
| 044 |
|
|
|a xo
|c SK
|
| 072 |
|
7 |
|a 27
|x Kresťanstvo. Kresťanská cirkev všeobecne. Ekleziológia
|2 konspekt
|
| 080 |
|
|
|a 316.774
|2 2011
|
| 080 |
|
|
|a 32.019.5
|2 2011
|
| 080 |
|
|
|a 322
|2 2011
|
| 080 |
|
|
|a (048.8)
|2 2011
|
| 100 |
1 |
|
|a Lukáčová, Jana,
|d 1992-
|4 aut
|4 bkd
|4 bjd
|9 245113
|
| 245 |
1 |
0 |
|a Média ako účinný nástroj v boji proti Katolíckej cirkvi v rokoch 1949-1950
|c Jana Lukáčová
|
| 250 |
|
|
|a Vydanie prvé
|
| 264 |
|
1 |
|a Prešov
|b Vydavateľstvo Prešovskej univerzity v Prešove
|c 2023
|
| 300 |
|
|
|a 162 strán
|b faksimile
|c 21 cm
|
| 336 |
|
|
|a text
|b txt
|2 rdacontent
|
| 337 |
|
|
|a bez média
|b n
|2 rdamedia
|
| 338 |
|
|
|a zväzok
|b nc
|2 rdacarrier
|
| 366 |
|
|
|e 110 kusov
|
| 500 |
|
|
|a Vydala Prešovská univerzita v Prešove vo Vydavateľstve Prešovskej univerzity v Prešove
|
| 500 |
|
|
|a Na titulnom liste nad názvom: Prešovská univerzita v Prešove, Gréckokatolícka teologická fakulta
|
| 504 |
|
|
|a Obsahuje bibliografiu na strane 101-117, bibliografické odkazy a menný register
|
| 546 |
|
|
|a Anglické, maďarské a nemecké resumé
|
| 648 |
|
7 |
|a 1949-1950
|2 SNKPH
|9 308694
|
| 650 |
0 |
7 |
|a médiá
|2 SNKPH
|9 1424
|
| 650 |
0 |
7 |
|a propaganda
|2 SNKPH
|9 3961
|
| 650 |
0 |
7 |
|a dezinformácie
|2 SNKPH
|9 78493
|
| 650 |
0 |
7 |
|a štát a cirkev
|2 SNKPH
|9 4233
|
| 650 |
0 |
7 |
|a médiá
|2 SNKPHeng
|9 1424
|
| 650 |
0 |
7 |
|a propaganda
|2 SNKPHeng
|9 3961
|
| 650 |
0 |
7 |
|a Disinformation
|2 SNKPHeng
|9 310490
|
| 650 |
0 |
7 |
|a Church and state
|2 SNKPHeng
|9 318079
|
| 655 |
|
7 |
|a monografie
|2 SNKPH
|9 70139
|
| 655 |
|
7 |
|a Monographs
|2 SNKPHeng
|9 120675
|
| 700 |
1 |
|
|a Weis, Martin,
|d 1962-
|4 rev
|9 206396
|
| 700 |
1 |
|
|a Petro, Marek,
|d 1967-
|4 rev
|9 166989
|
| 700 |
1 |
|
|a Kičera, Viktor Vasilovič
|4 rev
|9 371938
|
| 700 |
1 |
|
|a Mandzák, Daniel Atanáz,
|d 1972-
|4 rev
|9 193975
|
| 710 |
2 |
|
|a Prešovská univerzita v Prešove.
|b Gréckokatolícka teologická fakulta
|4 pbl
|9 177605
|
| 852 |
|
|
|a Slovenská národná knižnica
|
| 919 |
|
|
|a 978-80-555-3185-4
|
| 954 |
|
|
|a odborná, vedecká literatúra pôvodná (slovenská)
|2 lita
|
| 958 |
|
|
|a NB
|
| 999 |
|
|
|c 615795
|d 617725
|
| 952 |
|
|
|a SNK
|b SNK
|y NEVYP
|7 1
|p 17A1547323
|o snkSC 206361
|i snk2024/7813
|8 0
|0 0
|1 0
|4 0
|d 2024-05-17
|l 0
|r 2025-10-29 00:00:00
|w 2026-02-23
|
| 952 |
|
|
|a SNK
|b SNK
|y VYP
|7 0
|p 17A1547324
|o snkSC 206361 D1
|i snk2024/7814
|8 0
|0 0
|1 0
|4 0
|d 2024-05-17
|l 0
|r 2026-02-23 16:37:38
|w 2026-02-23
|